000 00281nam a2200109Ia 4500
008 230907s9999||||xx |||||||||||||| ||und||
082 _a307.1216
_bMCG
245 0 _aUrban design ecologies /
260 _aWiley,
_bChichester, West Sussex :
_c2013
300 _a319 p. :
942 _cBK
999 _c600755
_d600755